000 00718nam a2200253 i 4500
001 C2-0292284
003 PPAK
005 20180728024348.0
008 081222s2008 nyua|||| ||||| | eng d
020 _a9780060519216
040 _aPPAK
_beng
_cPPAK
_erda
082 0 4 _a920
_223
090 0 0 _a920
_bGID
_dRLCK
100 1 _aGiddings, Paula J.,
_eauthor
245 1 0 _aIda :
_ba sword among lions
264 1 _aNew York :
_bHarper Collins ,
_c2008
300 _axii, 800 pages :
_billustrations ;
_c24 cm
336 _2rdacontent
_atext
337 _2rdamedia
_aunmediated
338 _2rdacarrier
_avolume
500 _aIncludes bibliographies and index
650 1 0 _aIda B. Wells - Biography
942 _ddc
_cB
999 _c97209
_d97209